000 00704nam a22001937a 4500
003 BUBTL
008 190407b xxu||||| |||| 00| 0 eng d
020 _a984-18-0308-9
082 _a891.443 / BAS
100 _92266
_aবন্দ্যোপাধ্যায়, মানিক
245 _aশ্রেষ্ঠ গল্প /
_cমানিক বন্দ্যোপাধ্যায়
250 _a2nd ed.
260 _aঢাকা :
_bবিশ্বসাহিত্য কেন্দ্র,
_cc2011.
300 _a216 p.:
_c22 cm.
650 0 _91691
_aবাংলা সাহিত্য
856 _k0
_l0
_yDownload
942 _2ddc
_cBK
999 _c5961
_d5961